| 000 | 00637nam a22002417a 4500 | ||
|---|---|---|---|
| 003 | OSt | ||
| 005 | 20140310183022.0 | ||
| 008 | 130215t xxu||||| |||| 00| 0 eng d | ||
| 020 | _a9710869167 | ||
| 050 |
_aQ181 _b.V422 2008 |
||
| 082 |
_aFIL 507.125 _bV422 2008 |
||
| 245 |
_aIntegrated science for Philippine setting _cVega, Milagros A. |
||
| 260 |
_aMandaluyong City _bNational Book Store _cc2008 |
||
| 300 |
_a259 p. _c 25 cm. |
||
| 521 | _acollege students | ||
| 526 | _c1210L-1700L | ||
| 541 | _j1 | ||
| 541 | _j2 | ||
| 541 | _j3 | ||
| 541 | _j4 | ||
| 562 | _e4 | ||
| 942 |
_2lcc _cBK _kFIL |
||
| 999 |
_c18380 _d18380 |
||